5HLuxD.jpg

KING HENRY VIII SENIOR AND PRIMARY SCHOOL LIBRARY OPAC

The Monkey's Paw (Record no. 2885)

000 -LEADER
fixed length control field 01233nam a22001937a 4500
003 - CONTROL NUMBER IDENTIFIER
control field OSt
005 - DATE AND TIME OF LATEST TRANSACTION
control field 20230908145308.0
008 - FIXED-LENGTH DATA ELEMENTS--GENERAL INFORMATION
fixed length control field 230908b ||||| |||| 00| 0 eng d
020 ## - INTERNATIONAL STANDARD BOOK NUMBER
International Standard Book Number 9781632270405
040 ## - CATALOGING SOURCE
Transcribing agency KH8
082 ## - DEWEY DECIMAL CLASSIFICATION NUMBER
Classification number 800 EMM
100 ## - MAIN ENTRY--PERSONAL NAME
Personal name Emmett, Shane,
Relator term author.
245 ## - TITLE STATEMENT
Title The Monkey's Paw
Statement of responsibility, etc. Shane Emmett
260 ## - PUBLICATION, DISTRIBUTION, ETC.
Date of publication, distribution, etc. 2019
300 ## - PHYSICAL DESCRIPTION
Extent 102 pages.
520 ## - SUMMARY, ETC.
Summary, etc. What is the price of greed? What is the cost of desire? The White family have come to possess a relic of supernatural power, a monkey's paw that grants three wishes....but at what price? How far must they journey down the path of terror to undo what they have done? Based on the short horror tale by W.W Jacobs, "The Monkey's Paw" is a story that will have you sitting on the very edge of your seat. This resource includes: -The full short screen play for "The Monkey's Paw", the gothic horror masterpiece that can be performed and filmed in the classroom. -The comic or graphic novel of "The Monkey's Paw". A great way to visually engage with the story. -The full short stage play for "The Monkey's Paw", which can be performed in the classroom and on the stage. -Teacher's notes and lesson ideas.
650 ## - SUBJECT ADDED ENTRY--TOPICAL TERM
Topical term or geographic name entry element Mystery
Form subdivision Fiction
942 ## - ADDED ENTRY ELEMENTS (KOHA)
Source of classification or shelving scheme
Koha item type Teaching Resources
Holdings
Withdrawn status Lost status Source of classification or shelving scheme Damaged status Not for loan Collection code Permanent Location Current Location Shelving location Date acquired Full call number Barcode Date last seen Price effective from Koha item type
          Teaching Resources KH8 Senior School Library KH8 Senior School Library Staff Office 2023-09-08 800 EMM TRKHSL002568 2023-09-08 2023-09-08 Teaching Resources

Powered By KH8 IT Dept